00362nam a22001337a 450000500170000001000130001702000220003003700160005208200100006824500480007826000340012627000510016030000170021120190926163900.0 aB-219165 a8183820220c95.00 bLotus Press a650.1 aHow to start my business/cPhilip J. Samuel aNew DelhibLotus Press c2006 a4263/3 Ansari road Darya Ganj New Delhi-110002 a104p.c22cm.